Atatürk ve berberi (Record no. 11773)

MARC details
000 -BAŞLIK
Sabit Uzunlukta Kontrol Alanı 00802na a2200265 4500
001 - KONTROL NUMARASI
Denetim Alanı 24559
003 - KONTROL NUMARASI IDENTIFIER
Denetim Alanı MIRAKIL
005 - SON İŞLEM TARİHİ VE ZAMANI
Denetim Alanı 20181226104233.0
008 - SABİT-BOY VERİ ELEMANLARI - GENEL BİLGİLER
Sabit Uzunlukta Kontrol Alanı 181205b tu 000 0
020 ## - ULUSLARARASI STANDART KİTAP NUMARASI
Uluslararası Standart Kitap Numarası 9789751032904
041 ## - DİL KODU
Metin / Ses Parça Veya Ayrı Başlığın Dil Kodu tur
082 ## - DEWEY ONLU SINIFLANDIRMA NUMARASI
Sınıflandırma Numarası 956.1024092
Ürün Numarası G96a 2012
090 ## - SINIFLAMA NUMARASI
Sınıflama Numarası 956.1024092 G96a 2012
100 ## - ANA GİRİŞ - KİŞİSEL İSİM
Kişisel Ad Gürsoy, Yaşar
245 ## - BAŞLIK TABLOSU
Başlık Atatürk ve berberi
Başlığın Kalan Hoşçakalın çocuklar...
Sorumluluk Tablosu, Vb Yaşar Gürsoy
246 ## - UNVAN FORM VARYING
Başlık Doğru / Kısa Başlığı Hoşçakalın çocuklar...
260 ## - YAYIN, DAĞITIM, VB
Yayın, Dağıtım, Vb Yeri İstanbul
Yayıncı, Dağıtıcı, Vs Adı İnkılap Kitabevi
Yayın, Dağıtım, Vb Tarihi 2012
300 ## - FİZİKSEL TANIM
Kapsam 501 s.
Diğer Fiziksel Ayrıntıları fotğ.
Boyutlar 22 sm.
504 ## - KAYNAKÇA VB NOT
Kaynakça Vb Notu Kaynakça ve dizin var.
600 ## - KONU KATMA GİRİŞ - KURUMSAL ADI
Kişisel Ad Mete, Mehmet Tanrıkut
Genel Alt Bölümü Anılar
600 ## - KONU KATMA GİRİŞ - KURUMSAL ADI
Kişisel Ad Atatürk, Mustafa Kemal
Bir Adıyla İlişkilendirilen Tarihler 1881-1938
Genel Alt Bölümü Anılar
740 ## - KATMA GİRİŞ - KONTROLSUZ İLGİLİ / ANALİTİK BAŞLIK
Kontrol Edilmeyen / İlgili Analitik Başlıktaki Hoşçakalın çocuklar...
942 ## - EKLENDİ GİRİŞ ELEMANLARI (KOHA)
Sınıflandırma Veya Raf Düzeni Kaynak Dewey Decimal Classification
Koha Öğesi Türü Books
040 ## - KATALOGLAMA KAYNAK
Orijinal Kataloglama Ajansı Milas
Kataloglama Dili tur
Metne Dönüştürmek Ajansı TR-AnCHP
999 ## - SİSTEM KONTROL NUMARALARI (KOHA)
Koha Biblionumber 11773
Koha Biblioitemnumber 11773
Holdings
Kullanım Kısıtlamaları Kalıcı Konum Mevcut Konum Edinme Tarihi Toplam Check-Out'Lar Tam Çağrı Numarası Barkod Tarih Son Görülme İtibaren Geçerli Fiyatlar Sigara Kamu Notu Koha Öğesi Türü
  Parti Okulu Kütüphanesi Parti Okulu Kütüphanesi 12/05/2018   956.1024092 G96a 2012 P18455 12/05/2018 12/05/2018 Ertuğrul Çepni Books